[Event "Golden Horseshoe op"]
[Site "Mississauga CAN"]
[Date "2019.06.08"]
[Round "3.2"]
[White "Sambuev, Bator"]
[Black "Hua, Eugene"]
[Result "1/2-1/2"]
[WhiteElo "2560"]
[BlackElo "2394"]
[PlyCount "140"]
[EventDate "2019.06.08"]
[EventType "swiss"]
[EventRounds "5"]
[EventCountry "CAN"]

1. c4 c5 2. Nf3 Nc6 3. Nc3 e5 4. e3 Nf6 5. Be2 d5 6. d4 exd4 7. exd4 cxd4 8.
Nxd4 Be7 9. cxd5 Nxd5 10. Nxc6 bxc6 11. Bf3 Be6 12. Nxd5 Bxd5 13. Bxd5 Qxd5 14.
Qxd5 cxd5 15. Be3 O-O 16. O-O-O Rfd8 17. Rd3 Rd7 18. Rhd1 Rad8 19. Bd4 f6 20.
Rc3 Kf7 21. Kc2 Bd6 22. Kd3 Be5 23. Ra3 Bxd4 24. Kxd4 Rc8 25. Rd2 Rc4+ 26. Kd3
Rc6 27. Rc2 Rxc2 28. Kxc2 Ke6 29. Ra6+ Ke5 30. Kd3 Rb7 31. b3 g5 32. f3 h5 33.
g3 h4 34. gxh4 gxh4 35. Ra4 Rh7 36. h3 Kf5 37. Rd4 Ke5 38. Rg4 f5 39. f4+ Kf6
40. Rg8 Re7 41. Rd8 Re4 42. Rd6+ Ke7 43. Rxd5 Rxf4 44. Ke3 Re4+ 45. Kf3 Kf6 46.
Rd7 a5 47. Ra7 Re5 48. Rd7 Re4 49. Ra7 Re5 50. Ra8 Kg5 51. Rc8 Rd5 52. Rg8+ Kf6
53. Ke3 Re5+ 54. Kf3 Re4 55. Rb8 Rb4 56. Ra8 Rb5 57. Kf4 Rb4+ 58. Ke3 Re4+ 59.
Kd3 Re5 60. Kd4 Re4+ 61. Kd3 Re5 62. a3 Kg5 63. b4 axb4 64. axb4 Kf4 65. Kc4
Re1 66. b5 Rc1+ 67. Kd5 Rb1 68. Kc4 Rc1+ 69. Kd5 Rb1 70. Kc4 Rc1+ 1/2-1/2

[Event "Golden Horseshoe op"]
[Site "Mississauga CAN"]
[Date "2019.06.08"]
[Round "3.3"]
[White "Plotkin, Victor"]
[Black "Aniunoh, Chike"]
[Result "1-0"]
[WhiteElo "2384"]
[BlackElo "2206"]
[PlyCount "93"]
[EventDate "2019.06.08"]
[EventType "swiss"]
[EventRounds "5"]
[EventCountry "CAN"]

1. d4 Nf6 2. Nf3 g6 3. c4 c5 4. dxc5 Qa5+ 5. Nc3 Bg7 6. Qa4 Qxc5 7. Be3 Qh5 8.
g3 O-O 9. Bg2 Nc6 10. h3 d6 11. Rc1 Bd7 12. g4 Qa5 13. Qxa5 Nxa5 14. b3 Bc6 15.
O-O Ne4 16. Nb1 Bd7 17. Nd4 Nf6 18. Rfd1 a6 19. Nc3 h6 20. f4 Nc6 21. Nxc6 Bxc6
22. Nd5 Bxd5 23. cxd5 Rfc8 24. Rxc8+ Rxc8 25. Rc1 Rxc1+ 26. Bxc1 Nd7 27. Kf2
Bd4+ 28. e3 Bc3 29. Ke2 Kg7 30. Kd3 Ba1 31. b4 f5 32. e4 fxg4 33. hxg4 g5 34.
fxg5 Ne5+ 35. Ke2 Nxg4 36. gxh6+ Nxh6 37. Bh3 Bc3 38. a3 b6 39. Kd3 Be1 40. Be3
a5 41. b5 Nf7 42. Bxb6 Ne5+ 43. Kc2 Kf7 44. Bd4 Ke8 45. Bf1 Kd8 46. Kd1 Nf3 47.
Bb6+ 1-0

[Event "Golden Horseshoe op"]
[Site "Mississauga CAN"]
[Date "2019.06.08"]
[Round "3.4"]
[White "Krnan, Tomas"]
[Black "Liu, Henry"]
[Result "1-0"]
[WhiteElo "2515"]
[BlackElo "1906"]
[PlyCount "61"]
[EventDate "2019.06.08"]
[EventType "swiss"]
[EventRounds "5"]
[EventCountry "CAN"]

1. e4 e6 2. d4 d5 3. Bd3 Nf6 4. e5 Nfd7 5. f4 c5 6. c3 Nc6 7. Nf3 Qb6 8. Bc2
Be7 9. O-O O-O 10. a3 f6 11. Kh1 fxe5 12. dxe5 c4 13. Qe2 Nc5 14. Be3 Kh8 15.
Ra2 Qa6 16. Ne1 g6 17. Nd2 b5 18. Ndf3 b4 19. cxb4 Nxb4 20. axb4 Qxa2 21. bxc5
Qxb2 22. Bd4 Qb4 23. Qe3 a5 24. g4 Kg8 25. h4 Bd7 26. h5 gxh5 27. f5 exf5 28.
e6 Be8 29. gxf5 Bf6 30. Bxf6 Rxf6 31. Qg5+ 1-0

[Event "Golden Horseshoe op"]
[Site "Mississauga CAN"]
[Date "2019.06.08"]
[Round "3.5"]
[White "Zhao, Jeffrey Renfei"]
[Black "Noritsyn, Sergey"]
[Result "0-1"]
[WhiteElo "1995"]
[BlackElo "2313"]
[PlyCount "58"]
[EventDate "2019.06.08"]
[EventType "swiss"]
[EventRounds "5"]
[EventCountry "CAN"]

1. e4 c5 2. Nf3 d6 3. d4 cxd4 4. Nxd4 Nf6 5. Nc3 a6 6. Be2 e5 7. Nb3 Be7 8. Be3
Be6 9. O-O O-O 10. Qd2 b5 11. a4 b4 12. Nd5 Nxe4 13. Nxe7+ Qxe7 14. Qxb4 f5 15.
Na5 Rc8 16. Bf3 Nd7 17. Rfd1 Rab8 18. Qa3 Ndf6 19. Bxe4 Nxe4 20. f3 Rxc2 21.
fxe4 Rbxb2 22. Qxd6 Rxg2+ 23. Kf1 Qxd6 24. Rxd6 f4 25. Bc5 Bh3 26. Nc4 Rxh2+
27. Kg1 Rbg2+ 28. Kf1 Rh1+ 29. Bg1 Rhxg1# 0-1

[Event "Golden Horseshoe op"]
[Site "Mississauga CAN"]
[Date "2019.06.08"]
[Round "3.6"]
[White "Li, William"]
[Black "Gao, Raymond"]
[Result "1-0"]
[WhiteElo "2293"]
[BlackElo "2007"]
[PlyCount "163"]
[EventDate "2019.06.08"]
[EventType "swiss"]
[EventRounds "5"]
[EventCountry "CAN"]

1. e4 c5 2. Nf3 d6 3. Bb5+ Bd7 4. Bxd7+ Nxd7 5. O-O Ngf6 6. Qe2 e6 7. c3 Be7 8.
d4 cxd4 9. cxd4 d5 10. e5 Ne4 11. Ne1 h6 12. f3 Ng5 13. Nc3 O-O 14. Nd3 Re8 15.
f4 Nh7 16. Qg4 f5 17. Qh5 Nb6 18. Kh1 Nc4 19. b3 Na5 20. Rf3 Rc8 21. Ne2 Rc2
22. Rg3 Kh8 23. Qf7 Bf8 24. Ng1 Re7 25. Qh5 Qe8 26. Qd1 Rc8 27. Nf3 Rec7 28.
Bd2 Nc6 29. Qe2 Be7 30. Rg1 Nd8 31. Nfe1 Nc6 32. Nf3 Nd8 33. Nde1 Rc6 34. Rh3
Ra6 35. g4 fxg4 36. Rxg4 Qf7 37. Rhg3 Bf8 38. Nh4 Rc7 39. a4 Nc6 40. Qd3 Ne7
41. Neg2 Kg8 42. Ng6 Nxg6 43. Rxg6 Kh8 44. Nh4 Rac6 45. R6g4 Qh5 46. h3 Rf7 47.
Kg2 Be7 48. Ng6+ Kg8 49. Nxe7+ Rxe7 50. Kh2 Rf7 51. Rg2 Qf5 52. Qg3 Rcc7 53.
Bb4 Qe4 54. Bd6 Rcd7 55. Rg6 Qxd4 56. Rxe6 Qxf4 57. Re8+ Nf8 58. e6 Qxd6 59.
exf7+ Kxf7 60. Qxd6 Rxd6 61. Rb8 Nd7 62. Rxb7 g5 63. Rxa7 d4 64. Ra5 d3 65.
Rf5+ Ke6 66. Rf1 Ne5 67. Rd1 Rb6 68. Rb2 Kd5 69. b4 Kd4 70. b5 Kc3 71. Rbb1 d2
72. a5 Rb8 73. a6 Kc2 74. a7 Ra8 75. b6 Nc6 76. Ra1 Nxa7 77. Rg1 h5 78. Ra2+
Kb3 79. Rxa7 Rb8 80. Rd7 g4 81. Rxd2 Rxb6 82. Rb1+ 1-0

[Event "Golden Horseshoe op"]
[Site "Mississauga CAN"]
[Date "2019.06.08"]
[Round "3.7"]
[White "Huang, Youhe"]
[Black "Gaisinsky, Adam"]
[Result "1/2-1/2"]
[WhiteElo "2021"]
[BlackElo "2234"]
[PlyCount "115"]
[EventDate "2019.06.08"]
[EventType "swiss"]
[EventRounds "5"]
[EventCountry "CAN"]

1. d4 Nf6 2. Bf4 d5 3. Nc3 Bf5 4. e3 e6 5. f3 Bd6 6. Nge2 O-O 7. g4 Bg6 8. h4
h5 9. g5 Ne8 10. Qd2 c5 11. Nb5 Bxf4 12. Nxf4 Qb6 13. c3 Nc6 14. Na3 Nd6 15.
Bh3 Ne7 16. O-O cxd4 17. exd4 Ndf5 18. Qf2 Kh7 19. Rad1 Qd6 20. Nd3 Nc6 21.
Rfe1 Nfe7 22. Nc2 Bxd3 23. Rxd3 Ng6 24. Ne3 Nf4 25. Qh2 Ne7 26. Bf1 Neg6 27.
Ng2 Qc7 28. Nxf4 Nxf4 29. Rde3 f6 30. Bh3 Nxh3+ 31. Qxh3 Qf4 32. gxf6 Rxf6 33.
Rxe6 Qxf3 34. Qxf3 Rxf3 35. R1e5 g6 36. Rxd5 Raf8 37. Rd7+ Kh6 38. Re2 R8f4 39.
Rxb7 Rxh4 40. d5 Rd3 41. Rd7 Rd1+ 42. Kf2 Kg5 43. Ke3 Kf5 44. Rf7+ Ke5 45. Rg2
Re4+ 46. Kf3 Rd3+ 47. Kf2 Rd2+ 48. Kg1 Re1+ 49. Kh2 Rxg2+ 50. Kxg2 Re2+ 51. Kg3
Rxb2 52. Rxa7 Kxd5 53. Ra6 Rb1 54. Kf2 Kc4 55. Rxg6 Kxc3 56. Rh6 Rb2+ 57. Kg3
Rxa2 58. Rxh5 1/2-1/2

[Event "Golden Horseshoe op"]
[Site "Mississauga CAN"]
[Date "2019.06.08"]
[Round "3.8"]
[White "Bu, Kevin"]
[Black "Bui, Alan"]
[Result "1/2-1/2"]
[WhiteElo "1955"]
[BlackElo "2137"]
[PlyCount "51"]
[EventDate "2019.06.08"]
[EventType "swiss"]
[EventRounds "5"]
[EventCountry "CAN"]

1. d4 Nf6 2. Nf3 d5 3. Bf4 c5 4. e3 Nc6 5. c3 Qb6 6. Qb3 c4 7. Qxb6 axb6 8.
Nbd2 b5 9. Ne5 b4 10. Be2 Bf5 11. O-O e6 12. g4 Bc2 13. Rfc1 Ba4 14. b3 bxc3
15. Ndxc4 dxc4 16. bxa4 Ba3 17. Nxc4 Bxc1 18. Nd6+ Kf8 19. Rxc1 Nd5 20. Bg3
Rxa4 21. Nxb7 Ra7 22. Nd6 Ncb4 23. Bc4 Nxa2 24. Bxa2 Rxa2 25. e4 Nb6 26. Rxc3
1/2-1/2

[Event "Golden Horseshoe op"]
[Site "Mississauga CAN"]
[Date "2019.06.08"]
[Round "3.9"]
[White "Feng, Richard"]
[Black "Xie, Austin"]
[Result "1-0"]
[WhiteElo "2052"]
[BlackElo "1964"]
[PlyCount "33"]
[EventDate "2019.06.08"]
[EventType "swiss"]
[EventRounds "5"]
[EventCountry "CAN"]

1. e4 e6 2. Nf3 d5 3. e5 c5 4. b4 cxb4 5. a3 Nc6 6. axb4 Bxb4 7. c3 Ba5 8. d4
Nge7 9. Bd3 O-O 10. Bxh7+ Kxh7 11. Ng5+ Kg8 12. Qh5 Re8 13. Qxf7+ Kh8 14. Qh5+
Kg8 15. Rxa5 Nxa5 16. Qh7+ Kf8 17. Ba3 1-0

[Event "Golden Horseshoe op"]
[Site "Mississauga CAN"]
[Date "2019.06.08"]
[Round "3.10"]
[White "Li, Eric M"]
[Black "Rusonik, Max"]
[Result "0-1"]
[WhiteElo "2155"]
[BlackElo "2168"]
[PlyCount "88"]
[EventDate "2019.06.08"]
[EventType "swiss"]
[EventRounds "5"]
[EventCountry "CAN"]

1. Nf3 f5 2. d4 Nf6 3. c4 g6 4. Nc3 Bg7 5. Bf4 O-O 6. e3 d6 7. h4 Nc6 8. Be2 h6
9. Qb3 Kh8 10. h5 Nxh5 11. Rxh5 gxh5 12. O-O-O Bd7 13. Rh1 e5 14. Bg3 Be8 15.
dxe5 dxe5 16. Nd5 b6 17. Qd1 Qd6 18. Nh4 Nb4 19. Bxh5 Nxd5 20. cxd5 f4 21. Bh2
Qf6 22. Bxe8 Raxe8 23. Nf3 c5 24. e4 c4 25. Bg1 Qg6 26. Qe2 Qxg2 27. Rh2 Qg4
28. Rh4 Qg6 29. Rh1 Bf6 30. Nd2 Rc8 31. Qh5 Qxh5 32. Rxh5 Kh7 33. Nf3 Rg8 34.
Kd2 b5 35. Kc3 a5 36. a3 Rg2 37. Rf5 Kg6 38. Kd2 b4 39. Kc2 c3 40. axb4 axb4
41. b3 h5 42. Kb1 h4 43. Kc2 h3 44. Kc1 Rxg1+ 0-1

[Event "Golden Horseshoe op"]
[Site "Mississauga CAN"]
[Date "2019.06.08"]
[Round "3.11"]
[White "Ning, Eric"]
[Black "Surya, Benito"]
[Result "1/2-1/2"]
[WhiteElo "2133"]
[BlackElo "2114"]
[PlyCount "66"]
[EventDate "2019.06.08"]
[EventType "swiss"]
[EventRounds "5"]
[EventCountry "CAN"]

1. d4 d5 2. c4 e6 3. cxd5 exd5 4. Nc3 c5 5. Nf3 Nc6 6. Be3 c4 7. Bg5 Be7 8.
Bxe7 Ngxe7 9. e4 dxe4 10. Nxe4 b5 11. Be2 O-O 12. O-O Be6 13. Qd2 Rc8 14. Rfd1
Bd5 15. Nc3 a6 16. a4 Qb6 17. axb5 axb5 18. Nxd5 Nxd5 19. Ne5 Rfd8 20. Bf3 Nxe5
21. dxe5 c3 22. Qc1 Qc5 23. Bxd5 Rxd5 24. Qxc3 Qxc3 25. bxc3 Rxe5 26. Rab1 g6
27. Rb3 Kg7 28. f4 Rec5 29. Rdb1 Rxc3 30. Rxc3 Rxc3 31. Rxb5 Rc4 32. g3 Rc2 33.
Re5 Ra2 1/2-1/2

[Event "Golden Horseshoe op"]
[Site "Mississauga CAN"]
[Date "2019.06.09"]
[Round "4.1"]
[White "Noritsyn, Nikolay"]
[Black "Sambuev, Bator"]
[Result "0-1"]
[WhiteElo "2625"]
[BlackElo "2560"]
[PlyCount "106"]
[EventDate "2019.06.08"]
[EventType "swiss"]
[EventRounds "5"]
[EventCountry "CAN"]

1. d4 d5 2. c4 e6 3. Nf3 Nf6 4. Nc3 Be7 5. Bf4 O-O 6. a3 Nbd7 7. e3 c5 8. dxc5
Nxc5 9. Be2 dxc4 10. Bxc4 a6 11. a4 Qxd1+ 12. Rxd1 Bd7 13. a5 Rac8 14. Ne5 Ba4
15. Rd4 Bb3 16. Be2 Nd5 17. Nxd5 Bxd5 18. O-O f6 19. Nc4 Nb3 20. Rxd5 exd5 21.
Nb6 Rc2 22. Bf3 Nxa5 23. Nxd5 Kf7 24. Rd1 Rfc8 25. e4 Nc4 26. b3 Ne5 27. h4 Bc5
28. Ne3 Bxe3 29. Bxe3 R8c3 30. b4 Rxe3 31. fxe3 Rb2 32. Rd4 Ke7 33. h5 h6 34.
Kf1 Nc6 35. Rd1 Rxb4 36. Rc1 Kd6 37. Kf2 Ne5 38. Rc8 Rc4 39. Ra8 Rc7 40. Kg3
Kc5 41. Kf4 Kb4 42. Kf5 Re7 43. Bd1 a5 44. Be2 a4 45. g4 a3 46. Kf4 Nc6 47. Bd1
Na5 48. Rc8 a2 49. Rc1 Nb3 50. Bxb3 Kxb3 51. Rh1 Kb2 52. Rh2+ Ka3 53. Rh1 b5
0-1

[Event "Golden Horseshoe op"]
[Site "Mississauga CAN"]
[Date "2019.06.09"]
[Round "4.3"]
[White "Hua, Eugene"]
[Black "Li, William"]
[Result "1-0"]
[WhiteElo "2394"]
[BlackElo "2293"]
[PlyCount "67"]
[EventDate "2019.06.08"]
[EventType "swiss"]
[EventRounds "5"]
[EventCountry "CAN"]

1. e4 c5 2. Nf3 e6 3. d4 cxd4 4. Nxd4 Nf6 5. Nc3 Nc6 6. Be2 Bb4 7. O-O Bxc3 8.
bxc3 Nxe4 9. Qd3 Nc5 10. Qg3 O-O 11. Bh6 Qf6 12. Bg5 Ne4 13. Bxf6 Nxg3 14. fxg3
gxf6 15. Rxf6 Ne5 16. c4 b6 17. Nb5 Kg7 18. Raf1 a5 19. Nd6 a4 20. g4 Ra5 21.
g5 Ba6 22. h4 Rc5 23. R1f4 Rc6 24. Rd4 Rc5 25. h5 Nc6 26. Rdf4 Ne5 27. h6+ Kg8
28. Bh5 Bxc4 29. Bxf7+ Nxf7 30. Rxf7 Rxf7 31. Rxf7 Bxa2 32. Rxd7 Kf8 33. g6
hxg6 34. h7 1-0

[Event "Golden Horseshoe op"]
[Site "Mississauga CAN"]
[Date "2019.06.09"]
[Round "4.4"]
[White "Feng, Richard"]
[Black "Krnan, Tomas"]
[Result "0-1"]
[WhiteElo "2052"]
[BlackElo "2515"]
[PlyCount "88"]
[EventDate "2019.06.08"]
[EventType "swiss"]
[EventRounds "5"]
[EventCountry "CAN"]

1. e4 e5 2. Nf3 Nc6 3. Bc4 Nf6 4. d3 Bc5 5. c3 O-O 6. Nbd2 d5 7. exd5 Nxd5 8.
O-O Bg4 9. Ne4 Be7 10. h3 Bh5 11. Re1 Nb6 12. Bb3 Bg6 13. Qe2 Qd7 14. Bg5 Rae8
15. Rad1 Kh8 16. Nh4 Nd5 17. Qf3 Nf4 18. Bxf4 Bxh4 19. Nc5 Qf5 20. Bg3 Bxg3 21.
fxg3 Nd8 22. g4 Qc8 23. Ba4 c6 24. d4 b6 25. Ne4 exd4 26. cxd4 Qe6 27. Nc3
Qxe1+ 28. Rxe1 Rxe1+ 29. Kh2 b5 30. Bb3 b4 31. Ne2 Re8 32. Nf4 Bb1 33. g5 Bf5
34. Qg3 R1e7 35. Qh4 Rd7 36. Bxf7 Nxf7 37. g6 Nh6 38. gxh7 Kxh7 39. g4 Bb1 40.
g5 Rxd4 41. gxh6 g5 42. Qg3 Rxf4 43. Qxg5 Rf2+ 44. Kg3 Rg8 0-1

[Event "Golden Horseshoe op"]
[Site "Mississauga CAN"]
[Date "2019.06.09"]
[Round "4.5"]
[White "Noritsyn, Sergey"]
[Black "Zhang, Henry"]
[Result "1-0"]
[WhiteElo "2313"]
[BlackElo "2223"]
[PlyCount "107"]
[EventDate "2019.06.08"]
[EventType "swiss"]
[EventRounds "5"]
[EventCountry "CAN"]

1. e4 c5 2. Nf3 e6 3. c3 Nf6 4. e5 Nd5 5. d4 cxd4 6. cxd4 d6 7. Bc4 Be7 8. O-O
O-O 9. Qe2 b6 10. Nc3 Nxc3 11. bxc3 Bb7 12. exd6 Bxd6 13. Bd3 Nd7 14. Bd2 Rc8
15. a4 Qc7 16. h3 Rfe8 17. Ng5 h6 18. Ne4 e5 19. Qg4 exd4 20. Bxh6 Bf8 21. Bf4
Qd8 22. Ng5 Nf6 23. Qh4 g6 24. Bb5 Qd5 25. Nf3 Re4 26. Bd3 Re6 27. cxd4 Rc3 28.
Rad1 Nh5 29. Bg5 Qb3 30. d5 Bxd5 31. Nd4 Qxa4 32. Bb5 Qb4 33. Nxe6 Qxh4 34.
Bxh4 fxe6 35. Rc1 Rb3 36. Bc4 Rb4 37. Bxd5 exd5 38. Bg5 Bc5 39. Rcd1 Ng3 40.
Rfe1 Ne4 41. Be3 Nc3 42. Bxc5 bxc5 43. Ra1 Na4 44. Re6 Kf7 45. Ra6 Nc3 46.
Rxa7+ Kf6 47. Rc7 Rc4 48. Ra5 Na4 49. Ra6+ Kg5 50. Rg7 d4 51. Rgxg6+ Kf5 52.
Rae6 d3 53. g4+ Kf4 54. Rgf6+ 1-0

[Event "Golden Horseshoe op"]
[Site "Mississauga CAN"]
[Date "2019.06.09"]
[Round "4.6"]
[White "Gaisinsky, Adam"]
[Black "Zheng, Kevin"]
[Result "1/2-1/2"]
[WhiteElo "2234"]
[BlackElo "1942"]
[PlyCount "118"]
[EventDate "2019.06.08"]
[EventType "swiss"]
[EventRounds "5"]
[EventCountry "CAN"]

1. e4 c5 2. Nf3 Nc6 3. d4 cxd4 4. Nxd4 g6 5. c4 Nf6 6. Nc3 Nxd4 7. Qxd4 d6 8.
Be2 Bg7 9. Be3 O-O 10. Qd3 Be6 11. O-O Qa5 12. Rac1 Rfc8 13. b3 a6 14. Na4 Nd7
15. f4 Nc5 16. Nxc5 dxc5 17. Bf3 Rd8 18. Qe2 Bd4 19. f5 Bd7 20. Kh1 Bc6 21. Bf4
Bg7 22. e5 Bxf3 23. Qxf3 e6 24. f6 Bf8 25. Rcd1 Qxa2 26. Rxd8 Rxd8 27. Qxb7 Qe2
28. Qf3 Qxf3 29. gxf3 Rd4 30. Bc1 h6 31. Kg2 g5 32. Kf2 Kh7 33. Be3 Rd3 34. Ra1
Rxb3 35. Rxa6 Rb8 36. Rc6 Kg6 37. Bxc5 Bxc5+ 38. Rxc5 Rb3 39. Rc8 Kf5 40. Rc7
Kxe5 41. Rxf7 Rc3 42. Rh7 Rxc4 43. Rxh6 Rf4 44. Rg6 Kf5 45. Rh6 Ke5 46. Kg3
Rxf6 47. Rh5 Rf5 48. Kg4 Kf6 49. Rh6+ Kf7 50. Rh7+ Kg6 51. Re7 Rf4+ 52. Kg3 Kf6
53. Re8 Kf7 54. Ra8 Kg7 55. Ra5 Kf6 56. Ra7 Kg6 57. Ra8 Kg7 58. Re8 Kf7 59. Rh8
Kg7 1/2-1/2

[Event "Golden Horseshoe op"]
[Site "Mississauga CAN"]
[Date "2019.06.09"]
[Round "4.7"]
[White "Aniunoh, Chike"]
[Black "Huang, Youhe"]
[Result "1/2-1/2"]
[WhiteElo "2206"]
[BlackElo "2021"]
[PlyCount "91"]
[EventDate "2019.06.08"]
[EventType "swiss"]
[EventRounds "5"]
[EventCountry "CAN"]

1. e4 Nf6 2. d3 d5 3. Nd2 c5 4. Ngf3 Nc6 5. g3 e5 6. Bg2 Be6 7. O-O d4 8. Ng5
Bg4 9. f3 Bh5 10. g4 Bg6 11. Nh3 Nd7 12. f4 f6 13. Nf3 Be7 14. Bd2 b5 15. Nh4
Bf7 16. Nf5 O-O 17. Qe1 c4 18. Qg3 Nb4 19. Bxb4 Bxb4 20. g5 Bg6 21. gxf6 Qxf6
22. Ng5 Bd2 23. Nh3 Rae8 24. a4 Bxf5 25. exf5 Be3+ 26. Kh1 cxd3 27. cxd3 Nc5
28. axb5 Nxd3 29. fxe5 Qxe5 30. Rxa7 Qxg3 31. hxg3 Rb8 32. Nf4 Nxf4 33. gxf4
Rxb5 34. Be4 Rxb2 35. Rf3 Rc8 36. Rf1 d3 37. Bd5+ Kh8 38. Ra3 Rd2 39. Be4 Rd8
40. Rb3 Kg8 41. f6 gxf6 42. Rb7 Rc8 43. Rxh7 Rc5 44. Rh3 f5 45. Bxf5 Rxf5 46.
Rxe3 1/2-1/2

[Event "Golden Horseshoe op"]
[Site "Mississauga CAN"]
[Date "2019.06.09"]
[Round "4.8"]
[White "Rusonik, Max"]
[Black "Bu, Kevin"]
[Result "1-0"]
[WhiteElo "2168"]
[BlackElo "1955"]
[PlyCount "103"]
[EventDate "2019.06.08"]
[EventType "swiss"]
[EventRounds "5"]
[EventCountry "CAN"]

1. e4 Nf6 2. e5 Nd5 3. c4 Nb6 4. c5 Nd5 5. Nc3 e6 6. Qg4 Nc6 7. Nf3 d6 8. cxd6
cxd6 9. Bb5 dxe5 10. Nxe5 Bd7 11. Bxc6 Bxc6 12. Nxc6 bxc6 13. O-O Nf6 14. Qf3
Rc8 15. d3 h6 16. Rd1 Bc5 17. Ne4 Nxe4 18. dxe4 Qb6 19. b3 Bd4 20. Rb1 O-O 21.
Qg3 Rfd8 22. Bxh6 Bxf2+ 23. Qxf2 gxh6 24. Rbc1 Qxf2+ 25. Kxf2 Rxd1 26. Rxd1 Rc7
27. Ke3 e5 28. Rd6 Kg7 29. Kd3 f6 30. Kc4 Kg6 31. Kc5 Kg5 32. b4 h5 33. Rxc6
Rd7 34. h4+ Kf4 35. Rxf6+ Kxe4 36. Rh6 Rd2 37. a4 Rxg2 38. Rxh5 a5 39. b5 Ra2
40. Kd6 Rxa4 41. Rxe5+ Kd3 42. b6 Rxh4 43. Rxa5 Rh7 44. Kc6 Rh6+ 45. Kc7 Rh7+
46. Kb8 Kc4 47. b7 Kb4 48. Rg5 Rh1 49. Ka7 Ra1+ 50. Kb6 Kc4 51. Rc5+ Kd4 52.
b8=Q 1-0

[Event "Golden Horseshoe op"]
[Site "Mississauga CAN"]
[Date "2019.06.09"]
[Round "4.10"]
[White "Bui, Alan"]
[Black "Munro, Allan"]
[Result "0-1"]
[WhiteElo "2137"]
[BlackElo "2249"]
[PlyCount "110"]
[EventDate "2019.06.08"]
[EventType "swiss"]
[EventRounds "5"]
[EventCountry "CAN"]

1. d4 d5 2. Nf3 Nf6 3. Bf4 Bf5 4. c4 dxc4 5. Nc3 e6 6. Qa4+ c6 7. Qxc4 Nbd7 8.
e3 Be7 9. h3 h6 10. Be2 O-O 11. O-O Re8 12. Ne5 Nxe5 13. Bxe5 Nd7 14. Bg3 Bg6
15. Rfd1 Bc2 16. Bf3 Bxd1 17. Rxd1 Nf6 18. e4 Qb6 19. Na4 Qa5 20. Qc2 Rad8 21.
a3 Rd7 22. Be5 Rc8 23. b4 Qd8 24. Qb3 Nh7 25. d5 Ng5 26. Bg4 Nxe4 27. dxe6
Rxd1+ 28. Bxd1 f6 29. Bf4 Qd5 30. Qb1 b5 31. Bc2 f5 32. Bb3 Qd4 33. Be3 Qf6 34.
Nc5 Nxc5 35. Bxc5 Bxc5 36. bxc5 Qe5 37. Qd3 Kh8 38. Qd7 Rb8 39. Qd6 Qe1+ 40.
Kh2 Rc8 41. e7 Re8 42. Be6 Qxf2 43. Bf7 f4 44. Qe6 f3 45. Qg4 fxg2 46. Qxg2
Qxg2+ 47. Kxg2 Rxe7 48. Bg6 Re5 49. Kf3 Rxc5 50. Be8 Kg8 51. Ke4 Kf8 52. Bg6
Ke7 53. Kd4 Kd6 54. Bd3 Rd5+ 55. Kc3 Rxd3+ 0-1

[Event "Golden Horseshoe op"]
[Site "Mississauga CAN"]
[Date "2019.06.09"]
[Round "4.11"]
[White "Xu, Eddie"]
[Black "Zhao, Jeffrey Renfei"]
[Result "0-1"]
[WhiteElo "2042"]
[BlackElo "1995"]
[PlyCount "81"]
[EventDate "2019.06.08"]
[EventType "swiss"]
[EventRounds "5"]
[EventCountry "CAN"]

1. e4 e5 2. Nf3 Nc6 3. Bb5 g6 4. c3 Nge7 5. d4 exd4 6. cxd4 Bg7 7. Nc3 a6 8.
Ba4 b5 9. Bb3 d6 10. h4 Bg4 11. Bxf7+ Kxf7 12. Ng5+ Ke8 13. Qxg4 Nxd4 14. O-O
Qd7 15. Qd1 h6 16. Nh3 Kf8 17. Be3 c5 18. Nf4 Kg8 19. b4 Kh7 20. Rc1 Rae8 21.
a4 Rhf8 22. Ncd5 Nxd5 23. exd5 Rxf4 24. Bxf4 Ne2+ 25. Kh1 Nxf4 26. bxc5 dxc5
27. Rxc5 Qe7 28. Rc2 Qxh4+ 29. Kg1 Qg5 30. g3 Rd8 31. axb5 axb5 32. d6 Ne6 33.
Re1 Nd4 34. Rc7 Qd5 35. Ree7 Nf3+ 36. Qxf3 Qxf3 37. Rxg7+ Kh8 38. Rh7+ Kg8 39.
Rhg7+ Kf8 40. Rh7 Qf6 41. d7 0-1

[Event "Golden Horseshoe op"]
[Site "Mississauga CAN"]
[Date "2019.06.09"]
[Round "4.12"]
[White "Gao, Raymond"]
[Black "Xie, Austin"]
[Result "1-0"]
[WhiteElo "2007"]
[BlackElo "1964"]
[PlyCount "77"]
[EventDate "2019.06.08"]
[EventType "swiss"]
[EventRounds "5"]
[EventCountry "CAN"]

1. e4 e6 2. d4 d5 3. Nd2 Nf6 4. e5 Nfd7 5. f4 c5 6. c3 Nc6 7. Ndf3 b6 8. Bd3 g6
9. Ne2 cxd4 10. cxd4 Nb4 11. Bb1 Ba6 12. a3 Nc6 13. h4 Bg7 14. h5 Rc8 15. g4
Bxe2 16. Kxe2 f5 17. hxg6 hxg6 18. Rxh8+ Bxh8 19. gxf5 gxf5 20. Qg1 Ne7 21. Bd3
Qc7 22. Bd2 Nf8 23. Ng5 Bg7 24. Ba6 Qd7 25. Bxc8 Qb5+ 26. Ke1 Nxc8 27. Bb4 Ne7
28. Qe3 Qd7 29. Qc3 Nfg6 30. Qd2 Bh6 31. Rc1 Bxg5 32. fxg5 Nh4 33. Qe2 Neg6 34.
Kf2 Nf4 35. Qc2 Qb5 36. Qc8+ Kf7 37. Qf8+ Kg6 38. Qh6+ Kf7 39. Rc7+ 1-0

[Event "Golden Horseshoe op"]
[Site "Mississauga CAN"]
[Date "2019.06.09"]
[Round "4.13"]
[White "Surya, Benito"]
[Black "Loadman, Ian"]
[Result "1-0"]
[WhiteElo "2114"]
[BlackElo "2126"]
[PlyCount "69"]
[EventDate "2019.06.08"]
[EventType "swiss"]
[EventRounds "5"]
[EventCountry "CAN"]

1. e4 e5 2. Nf3 Nc6 3. Bb5 a6 4. Bxc6 dxc6 5. Nc3 Bc5 6. d3 Qd6 7. Qe2 f6 8.
Be3 Bxe3 9. Qxe3 c5 10. O-O Ne7 11. Ne2 Nc6 12. c3 Bg4 13. Rfd1 Rd8 14. h3 Bxf3
15. Qxf3 O-O 16. Rd2 Qe6 17. Qe3 b6 18. f4 exf4 19. Nxf4 Qe5 20. Re1 Rfe8 21.
Rde2 Qg5 22. Qf2 Ne5 23. Re3 Ng6 24. Nd5 Qe5 25. g4 b5 26. h4 c6 27. h5 Nf8 28.
Nf4 Ne6 29. Nxe6 Rxe6 30. Rf3 Red6 31. Rf5 Qe6 32. e5 fxe5 33. Rexe5 Qxa2 34.
Qe2 Rf6 35. Re8+ 1-0

[Event "Golden Horseshoe op"]
[Site "Mississauga CAN"]
[Date "2019.06.09"]
[Round "5.2"]
[White "Noritsyn, Nikolay"]
[Black "Hua, Eugene"]
[Result "1/2-1/2"]
[WhiteElo "2625"]
[BlackElo "2394"]
[PlyCount "116"]
[EventDate "2019.06.08"]
[EventType "swiss"]
[EventRounds "5"]
[EventCountry "CAN"]

1. e4 c5 2. Nf3 e6 3. d4 cxd4 4. Nxd4 Nc6 5. Nc3 Qc7 6. Be3 a6 7. a3 Nf6 8. f4
d6 9. Bd3 Nxd4 10. Bxd4 e5 11. Be3 exf4 12. Bd4 Be7 13. O-O Be6 14. Rxf4 d5 15.
e5 Nd7 16. Qe2 Nc5 17. Bf5 Rd8 18. Qf2 Bxf5 19. Rxf5 O-O 20. Kh1 Qc6 21. Rf1
Ne6 22. Bb6 Bc5 23. Bxc5 Qxc5 24. Qh4 Qc4 25. Qe7 b5 26. h3 Qc5 27. Qh4 Qc4 28.
Qf2 Qc7 29. Na2 d4 30. Nb4 a5 31. Nd3 Rc8 32. Nf4 Nxf4 33. Rxf4 Qxc2 34. Qxd4
Qc6 35. Qa7 Qc7 36. Qa6 Rce8 37. Qxb5 Rxe5 38. Qd3 Qe7 39. Qb3 Re1 40. Qc3
Rxf1+ 41. Rxf1 Qe2 42. Re1 Qb5 43. Re5 Qf1+ 44. Kh2 Qf4+ 45. Qg3 Qd2 46. Rb5 h6
47. Qe5 a4 48. Rb4 Qd7 49. Rg4 f6 50. Qf4 Ra8 51. Qc4+ Kh8 52. Rd4 Qe7 53. Rd5
Rb8 54. Rb5 Qd6+ 55. Kh1 Qd1+ 56. Kh2 Qd6+ 57. Kh1 Qd1+ 58. Kh2 Qd6+ 1/2-1/2

[Event "Golden Horseshoe op"]
[Site "Mississauga CAN"]
[Date "2019.06.09"]
[Round "5.3"]
[White "Krnan, Tomas"]
[Black "Noritsyn, Sergey"]
[Result "1/2-1/2"]
[WhiteElo "2498"]
[BlackElo "2313"]
[PlyCount "64"]
[EventDate "2019.06.08"]
[EventType "swiss"]
[EventRounds "5"]
[EventCountry "CAN"]

1. e4 c5 2. Nf3 d6 3. Bb5+ Nd7 4. O-O a6 5. Bd3 Ngf6 6. Re1 e6 7. c3 Be7 8. Bc2
b5 9. d4 cxd4 10. cxd4 Bb7 11. a3 O-O 12. Nc3 Rc8 13. h3 Qc7 14. Bf4 Qb8 15.
Qd3 e5 16. Bg5 h6 17. Bh4 Rfe8 18. Bb3 exd4 19. Qxd4 Nc5 20. Ba2 Qa8 21. e5
dxe5 22. Nxe5 Ne6 23. Bxe6 fxe6 24. Ng4 Rc4 25. Qe5 Nxg4 26. Qxe6+ Kh8 27. hxg4
Bxg2 28. Bxe7 Bh1 29. Kf1 Bg2+ 30. Kg1 Bh1 31. Kf1 Bg2+ 32. Kg1 Bh1 1/2-1/2